000 00294nam a22001217a 4500
008 181101b xxu||||| |||| 00| 0 eng d
041 _aeng
080 _a615.5
100 _a7
101 _aDER
245 _aAdictionary Dermatological Words Terms And Phrases
_cMOrris.l
942 _2udc
_cBK
999 _c51394
_d51394